[Event "Junior DM"]
[Site "Lyngby"]
[Date "1996.07.08"]
[Round "1"]
[White "Bekker Jensen, Simon"]
[Black "Kulaots, Kaido"]
[Result "0-1"]
[WhiteElo "2200"]
[BlackElo "2405"]
[PlyCount "48"]
[EventDate "1996.??.??"]
[EventType "swiss"]
[EventRounds "9"]
[EventCountry "DEN"]

1. d4 Nf6 2. c4 g6 3. Nc3 Bg7 4. e4 O-O 5. f4 d6 6. Nf3 Bg4 7. Be3 c5 8. d5 e6
9. dxe6 fxe6 10. Be2 Nc6 11. Ng5 Bxe2 12. Qxe2 Nd4 13. Bxd4 cxd4 14. Nxe6 Qa5
15. Nxd4 Nh5 16. O-O-O Nxf4 17. Qd2 Rac8 18. b3 Bh6 19. Kb1 Nd5 20. Qxh6 Nxc3+
21. Kb2 Nxd1+ 22. Rxd1 Rf2+ 23. Nc2 Qe5+ 24. Kb1 Rcf8 0-1

[Event "Junior DM"]
[Site "Lyngby"]
[Date "1996.07.08"]
[Round "1"]
[White "Bircher, Roland"]
[Black "Jensen, Bjarke"]
[Result "1/2-1/2"]
[WhiteElo "2150"]
[BlackElo "2245"]
[PlyCount "60"]
[EventDate "1996.??.??"]
[EventType "swiss"]
[EventRounds "9"]
[EventCountry "DEN"]

1. d4 Nf6 2. Nf3 g6 3. Bg5 Bg7 4. Nbd2 d5 5. e3 O-O 6. c3 b6 7. b4 c5 8. Rc1
Nbd7 9. Be2 Bb7 10. O-O a6 11. Qb3 c4 12. Qc2 b5 13. Rfe1 Ne4 14. Nxe4 dxe4 15.
Nd2 f5 16. f3 h6 17. Bh4 g5 18. Bg3 exf3 19. Bxf3 Bxf3 20. Nxf3 Qb6 21. e4 f4
22. Bf2 Qg6 23. e5 Qxc2 24. Rxc2 Nb6 25. Nd2 Rfd8 26. Ne4 e6 27. Rf1 Bf8 28.
Be1 Nd5 29. Bd2 Ra7 30. a3 Kg7 1/2-1/2

[Event "Junior DM"]
[Site "Lyngby"]
[Date "1996.07.08"]
[Round "1"]
[White "De Wachter, Matthias"]
[Black "Sylvan, Jacob"]
[Result "0-1"]
[WhiteElo "2170"]
[BlackElo "2285"]
[PlyCount "74"]
[EventDate "1996.??.??"]
[EventType "swiss"]
[EventRounds "9"]
[EventCountry "DEN"]

1. e4 d6 2. d4 Nf6 3. Nc3 g6 4. g3 Bg7 5. Bg2 O-O 6. Nge2 c6 7. h3 Nbd7 8. a4
Qc7 9. O-O e5 10. Be3 Rd8 11. Qc1 Nf8 12. d5 Bd7 13. Rd1 Ne8 14. g4 f5 15. Bg5
Nf6 16. gxf5 gxf5 17. exf5 Bxf5 18. Ng3 Qc8 19. Nce4 Nxe4 20. Nxe4 Bxh3 21.
Bxd8 Bxg2 22. Kxg2 Qg4+ 23. Ng3 Rxd8 24. f3 Qd7 25. Qg5 Ng6 26. Nh5 Rf8 27. Qg4
Qe7 28. Ra3 Rf5 29. Ng3 Rg5 30. Qe6+ Qxe6 31. dxe6 Nf4+ 32. Kf2 d5 33. Rb3 Bf8
34. Rc3 Bb4 35. Rh1 h5 36. Nxh5 Nxh5 37. f4 Nxf4 0-1

[Event "Junior DM"]
[Site "Lyngby"]
[Date "1996.07.08"]
[Round "1"]
[White "Johansen, Terje"]
[Black "El Kher, Henrik"]
[Result "1-0"]
[WhiteElo "2375"]
[BlackElo "2200"]
[PlyCount "69"]
[EventDate "1996.??.??"]
[EventType "swiss"]
[EventRounds "9"]
[EventCountry "DEN"]

1. d4 d5 2. Nf3 Nf6 3. c4 dxc4 4. e3 Bg4 5. Bxc4 e6 6. Nc3 a6 7. O-O Nc6 8. Be2
Bd6 9. e4 Bxf3 10. Bxf3 Nxd4 11. Kh1 Nxf3 12. Qxf3 O-O 13. Bg5 Be5 14. Rad1 Qe7
15. Qe3 Qb4 16. Bxf6 Bxf6 17. e5 Be7 18. Rd7 Rac8 19. a3 Qc5 20. Qxc5 Bxc5 21.
Ne4 Bb6 22. Rfd1 h6 23. g4 Rfe8 24. Kg2 Kf8 25. h4 Rb8 26. g5 h5 27. Ng3 c6 28.
Nxh5 Red8 29. g6 fxg6 30. Nf4 Kg8 31. Nxe6 Re8 32. Rxg7+ Kh8 33. Rxg6 Rg8 34.
Rxg8+ Rxg8+ 35. Ng5 1-0

[Event "Junior DM"]
[Site "Lyngby"]
[Date "1996.07.08"]
[Round "1"]
[White "Kryzius, Kestutis"]
[Black "Kludacz, Magdalena"]
[Result "1-0"]
[WhiteElo "2240"]
[BlackElo "2150"]
[PlyCount "49"]
[EventDate "1996.??.??"]
[EventType "swiss"]
[EventRounds "9"]
[EventCountry "DEN"]

1. e4 c6 2. d4 d5 3. e5 Bf5 4. Be2 e6 5. Nf3 Nd7 6. O-O Ne7 7. Be3 c5 8. c4
dxc4 9. Bxc4 Nc6 10. Nc3 a6 11. Re1 Qc7 12. d5 Ncxe5 13. Nxe5 Nxe5 14. Qa4+ Nd7
15. dxe6 fxe6 16. Nd5 Qd8 17. Bg5 Qxg5 18. Nc7+ Ke7 19. Bxe6 Nb6 20. Qa5 Rd8
21. Qxb6 Rd6 22. Bxf5+ Kf6 23. Ne8+ Kxf5 24. Nxd6+ Bxd6 25. Qxd6 1-0

[Event "Junior DM"]
[Site "Lyngby"]
[Date "1996.07.08"]
[Round "1"]
[White "Macieja, Bartlomiej"]
[Black "Johansen, Morten"]
[Result "1/2-1/2"]
[WhiteElo "2460"]
[BlackElo "2220"]
[PlyCount "86"]
[EventDate "1996.??.??"]
[EventType "swiss"]
[EventRounds "9"]
[EventCountry "DEN"]

1. e4 d5 2. exd5 Qxd5 3. Nc3 Qa5 4. d4 Nf6 5. Nf3 Bf5 6. Bc4 c6 7. Bd2 e6 8.
Qe2 Bb4 9. O-O Nbd7 10. a3 Bxc3 11. Bxc3 Qc7 12. b4 O-O 13. Bb3 Rfd8 14. Rfe1
Bg4 15. h3 Bh5 16. Bd2 Nb6 17. g4 Bg6 18. Bg5 a5 19. Qe5 Qe7 20. Qc5 Qc7 21.
Qe5 Qe7 22. c3 Bd3 23. Qc5 Qxc5 24. bxc5 Nbd7 25. Ne5 Nxe5 26. dxe5 h6 27. Bxf6
gxf6 28. exf6 a4 29. Ba2 Kh7 30. Rad1 Bc2 31. Rxd8 Rxd8 32. Rc1 Be4 33. Re1 Bc2
34. Rc1 Be4 35. Bb1 Bxb1 36. Rxb1 Rd3 37. Rxb7 Kg6 38. Kg2 Rxc3 39. Rb4 Rxa3
40. Rb6 Rc3 41. Rxc6 a3 42. Ra6 Rxc5 43. Rxa3 Kxf6 1/2-1/2

[Event "Junior DM"]
[Site "Lyngby"]
[Date "1996.07.08"]
[Round "1"]
[White "Petersen, Steen"]
[Black "Kauko, Jussi"]
[Result "1-0"]
[WhiteElo "2150"]
[BlackElo "2225"]
[PlyCount "122"]
[EventDate "1996.??.??"]
[EventType "swiss"]
[EventRounds "9"]
[EventCountry "DEN"]

1. d4 Nf6 2. c4 c5 3. d5 e6 4. Nc3 exd5 5. cxd5 d6 6. Nf3 g6 7. Nd2 Nbd7 8. Nc4
Nb6 9. e4 Bg7 10. Bg5 h6 11. Bh4 O-O 12. Ne3 g5 13. Bg3 Nxe4 14. Nxe4 f5 15.
Bxd6 Re8 16. Bxc5 Rxe4 17. Bd3 Re5 18. O-O Nxd5 19. Nc4 Nc3 20. bxc3 Rxc5 21.
Qc2 Be6 22. Rad1 Qc7 23. Ne3 Rf8 24. c4 b5 25. Qe2 bxc4 26. Bb1 Qc8 27. Qc2 Rf7
28. Rfe1 Rb7 29. Qa4 a5 30. Nxf5 Bf8 31. Nd4 Bg4 32. f3 Bd7 33. Qc2 Bg7 34.
Qh7+ Kf8 35. Bg6 Rd5 36. Ne2 Qc5+ 37. Kf1 Rb2 38. Rxd5 Qxd5 39. Be4 Qc5 40. Qg6
Rxa2 41. Rb1 Rb2 42. Rxb2 Bxb2 43. Qxh6+ Ke7 44. Qh7+ Kd8 45. Qg8+ Kc7 46. Qd5
Qxd5 47. Bxd5 Bb5 48. Ke1 Kd6 49. Be4 Kc5 50. Kd2 Ba4 51. Nc3 Bb3 52. Bb1 a4
53. Nd1 Be5 54. g3 a3 55. Nc3 Bxc3+ 56. Kxc3 a2 57. Bxa2 Bxa2 58. h4 gxh4 59.
gxh4 Bb1 60. h5 Bh7 61. h6 Bf5 1-0

[Event "Junior DM"]
[Site "Lyngby"]
[Date "1996.07.08"]
[Round "1"]
[White "Vovk, Oksana"]
[Black "Hoogendoorn, Joost"]
[Result "0-1"]
[WhiteElo "2195"]
[BlackElo "2345"]
[PlyCount "44"]
[EventDate "1996.??.??"]
[EventType "swiss"]
[EventRounds "9"]
[EventCountry "DEN"]

1. c4 b6 2. Nc3 c5 3. Nf3 Bb7 4. e3 Nf6 5. d4 cxd4 6. exd4 g6 7. Be2 Bg7 8. O-O
O-O 9. b3 d5 10. Bb2 Nc6 11. Re1 Rc8 12. Bf1 Qd6 13. Nb5 Qb8 14. Rc1 a6 15. Nc3
dxc4 16. bxc4 Rfd8 17. Qb3 Nxd4 18. Nxd4 Ng4 19. g3 Bxd4 20. Rc2 Ne5 21. Ne4 b5
22. c5 Bd5 0-1

[Event "Junior DM"]
[Site "Lyngby"]
[Date "1996.07.09"]
[Round "2"]
[White "Bekker Jensen, David"]
[Black "De Wachter, Matthias"]
[Result "1/2-1/2"]
[WhiteElo "2190"]
[BlackElo "2170"]
[PlyCount "105"]
[EventDate "1996.??.??"]
[EventType "swiss"]
[EventRounds "9"]
[EventCountry "DEN"]

1. d4 d5 2. c4 c6 3. e3 Nf6 4. Nc3 e6 5. Nf3 Nbd7 6. Qc2 Bd6 7. b3 O-O 8. Be2
Qe7 9. O-O b6 10. e4 dxe4 11. Nxe4 Nxe4 12. Qxe4 Bb7 13. Bf4 f5 14. Qe3 Rae8
15. Bxd6 Qxd6 16. Rad1 Qc7 17. Ne5 Nxe5 18. dxe5 c5 19. Rd6 f4 20. Qh3 f3 21.
Bd3 g6 22. Rd1 Qf7 23. g3 Qg7 24. Qh4 Bc8 25. Qg5 Bb7 26. Bc2 Rf7 27. a4 Rc7
28. Rd8 Rce7 29. R8d6 Rc7 30. h4 Qf7 31. Qd2 Ree7 32. Rd8+ Re8 33. Rxe8+ Qxe8
34. Qd8 Qxd8 35. Rxd8+ Kf7 36. g4 Bc6 37. Kh2 Rd7 38. Rxd7+ Bxd7 39. Kg3 Bc6
40. Kf4 a5 41. Be4 Be8 42. Bxf3 Kg7 43. Be4 Kh6 44. Kg3 Kg7 45. f4 Bd7 46. f5
gxf5 47. gxf5 exf5 48. Bd5 Kf8 49. e6 Be8 50. Kf4 Ke7 51. Kg5 Bg6 52. Bb7 f4
53. Kxf4 1/2-1/2

[Event "Junior DM"]
[Site "Lyngby"]
[Date "1996.07.09"]
[Round "2"]
[White "Berg, Emanuel"]
[Black "Bekker Jensen, Simon"]
[Result "0-1"]
[WhiteElo "2215"]
[BlackElo "2200"]
[PlyCount "66"]
[EventDate "1996.??.??"]
[EventType "swiss"]
[EventRounds "9"]
[EventCountry "DEN"]

1. e4 c5 2. Nf3 d6 3. d4 cxd4 4. Nxd4 Nf6 5. Nc3 a6 6. Be2 e5 7. Nb3 Be7 8. O-O
O-O 9. Kh1 Be6 10. f4 Qc7 11. f5 Bc4 12. Bg5 Nbd7 13. Nd2 Bxe2 14. Qxe2 Rac8
15. Rfd1 Rfe8 16. Nf1 Qa5 17. Ne3 Qb4 18. Rab1 Rxc3 19. bxc3 Qxe4 20. Bxf6 Nxf6
21. Rb4 Qc6 22. c4 Qe4 23. Qd3 Qh4 24. Rxb7 Ne4 25. Rf1 Nf2+ 26. Rxf2 Qxf2 27.
h3 Qe1+ 28. Kh2 Bh4 29. Nd5 Bf2 30. h4 Qg1+ 31. Kh3 Qh1+ 32. Kg4 Qxh4+ 33. Kf3
e4+ 0-1

[Event "Junior DM"]
[Site "Lyngby"]
[Date "1996.07.09"]
[Round "2"]
[White "Cole, Roland"]
[Black "Macieja, Bartlomiej"]
[Result "0-1"]
[WhiteElo "2215"]
[BlackElo "2460"]
[PlyCount "100"]
[EventDate "1996.??.??"]
[EventType "swiss"]
[EventRounds "9"]
[EventCountry "DEN"]

1. d4 Nf6 2. c4 e6 3. Nc3 Bb4 4. g3 c5 5. Nf3 Ne4 6. Qd3 Qa5 7. Qxe4 Bxc3+ 8.
Bd2 Bxd2+ 9. Nxd2 Nc6 10. dxc5 b6 11. cxb6 Bb7 12. Qb1 Ne5 13. Rg1 Nxc4 14. b4
Qd5 15. Nxc4 Qxc4 16. Qb3 Qd4 17. Rd1 Qxb6 18. e3 O-O 19. Be2 Rfc8 20. a4 Bd5
21. Qb2 Rab8 22. Rd4 Qc6 23. b5 Qc1+ 24. Qxc1 Rxc1+ 25. Rd1 Rbc8 26. Rxc1 Rxc1+
27. Bd1 Ra1 28. Kd2 Kf8 29. Re1 Ra2+ 30. Kc3 Rxf2 31. Bb3 Bb7 32. Kb4 Ke7 33.
Rc1 Kd8 34. a5 Rxh2 35. a6 Ba8 36. b6 axb6 37. Kb5 Rb2 38. Rc3 h5 39. Kxb6 g5
40. Ka7 Bg2 41. e4 Bxe4 42. g4 h4 43. Bxe6 fxe6 44. Rc8+ Ke7 45. Re8+ Kd6 46.
Rxe6+ Kd5 47. Rd6+ Kc5 48. Rxd7 Rg2 49. Rg7 h3 50. Rxg5+ Kd4 0-1

[Event "Junior DM"]
[Site "Lyngby"]
[Date "1996.07.09"]
[Round "2"]
[White "El Kher, Henrik"]
[Black "Petersen, Steen"]
[Result "1/2-1/2"]
[WhiteElo "2200"]
[BlackElo "2150"]
[PlyCount "50"]
[EventDate "1996.??.??"]
[EventType "swiss"]
[EventRounds "9"]
[EventCountry "DEN"]

1. d4 Nf6 2. c4 e6 3. g3 d5 4. Bg2 Bb4+ 5. Bd2 Be7 6. Nf3 O-O 7. Qc2 Nbd7 8.
O-O b6 9. cxd5 Nxd5 10. Nc3 Bb7 11. Nxd5 Bxd5 12. e4 Bb7 13. Bc3 c5 14. Rfd1
Qc7 15. d5 exd5 16. exd5 Bd6 17. Ng5 g6 18. Re1 Rae8 19. Qd2 Be5 20. Bxe5 Rxe5
21. d6 Qc8 22. Rxe5 Nxe5 23. Ne4 Bxe4 24. Bxe4 Qe6 25. b3 Rd8 1/2-1/2

[Event "Junior DM"]
[Site "Lyngby"]
[Date "1996.07.09"]
[Round "2"]
[White "Hoogendoorn, Joost"]
[Black "Kauko, Jussi"]
[Result "1-0"]
[WhiteElo "2345"]
[BlackElo "2225"]
[PlyCount "65"]
[EventDate "1996.??.??"]
[EventType "swiss"]
[EventRounds "9"]
[EventCountry "DEN"]

1. e4 c5 2. Nf3 e6 3. c3 d5 4. e5 Nc6 5. d4 Nge7 6. Bd3 c4 7. Bc2 b5 8. a3 Bd7
9. Nbd2 a5 10. Nf1 Qb6 11. Ng3 h6 12. h4 O-O-O 13. h5 Nf5 14. Nxf5 exf5 15. Nh4
Ne7 16. g3 a4 17. Kf1 g5 18. hxg6 fxg6 19. Ng2 g5 20. Bxg5 hxg5 21. Rxh8 Bg7
22. Rxd8+ Kxd8 23. Qh5 Bh6 24. Ne3 Be8 25. Qh2 Qe6 26. Nxf5 Nxf5 27. Bxf5 Qxf5
28. Qxh6 Qd3+ 29. Kg1 Bg6 30. Qxg5+ Kc8 31. Qg4+ Kc7 32. Qf4 Be4 33. Re1 1-0

[Event "Junior DM"]
[Site "Lyngby"]
[Date "1996.07.09"]
[Round "2"]
[White "Jensen, Bjarke"]
[Black "Schneider, Stefan"]
[Result "1/2-1/2"]
[WhiteElo "2245"]
[BlackElo "2255"]
[PlyCount "34"]
[EventDate "1996.??.??"]
[EventType "swiss"]
[EventRounds "9"]
[EventCountry "DEN"]

1. e4 Nf6 2. e5 Nd5 3. d4 d6 4. c4 Nb6 5. Nf3 g6 6. Be2 Bg7 7. exd6 cxd6 8. O-O
O-O 9. Be3 Nc6 10. Nbd2 e5 11. dxe5 dxe5 12. Bc5 Re8 13. Ne4 Bg4 14. Nd6 Re6
15. h3 Bxf3 16. Bxf3 Nd4 17. Bxd4 Rxd6 1/2-1/2

[Event "Junior DM"]
[Site "Lyngby"]
[Date "1996.07.09"]
[Round "2"]
[White "Johansen, Morten"]
[Black "Bircher, Roland"]
[Result "1/2-1/2"]
[WhiteElo "2220"]
[BlackElo "2150"]
[PlyCount "88"]
[EventDate "1996.??.??"]
[EventType "swiss"]
[EventRounds "9"]
[EventCountry "DEN"]

1. d4 f5 2. Nc3 Nf6 3. Bg5 d5 4. Bxf6 exf6 5. e3 Be6 6. Bd3 Nc6 7. Qf3 Qd7 8.
a3 Bd6 9. Nge2 Ne7 10. Nb5 O-O 11. h3 c6 12. Nxd6 Qxd6 13. Nf4 b6 14. g4 g6 15.
Nxe6 Qxe6 16. gxf5 Nxf5 17. Bxf5 Qxf5 18. Qxf5 gxf5 19. Rg1+ Kf7 20. Rg3 Rg8
21. Ke2 Rae8 22. Kf3 Re4 23. c3 Rg5 24. Rc1 Ke6 25. b4 Kd6 26. c4 dxc4 27. Rxc4
Kd5 28. Rc1 f4 29. Rxg5+ fxg5 30. Rg1 fxe3 31. fxe3 h6 32. Rg4 Re6 33. a4 Rf6+
34. Ke2 Kc4 35. d5+ Kxd5 36. Rd4+ Ke6 37. Rd8 a5 38. Rb8 Kd5 39. Rxb6 axb4 40.
Rxb4 c5 41. Rg4 c4 42. Kd2 Ra6 43. h4 Rxa4 44. Kc3 Ra3+ 1/2-1/2

[Event "Junior DM"]
[Site "Lyngby"]
[Date "1996.07.09"]
[Round "2"]
[White "Kludacz, Magdalena"]
[Black "Vovk, Oksana"]
[Result "1-0"]
[WhiteElo "2150"]
[BlackElo "2195"]
[PlyCount "91"]
[EventDate "1996.??.??"]
[EventType "swiss"]
[EventRounds "9"]
[EventCountry "DEN"]

1. d4 Nf6 2. c4 c5 3. d5 b5 4. cxb5 a6 5. Nc3 axb5 6. e4 b4 7. Nb5 d6 8. Bd3
Qb6 9. Qe2 Ba6 10. Bf4 Nbd7 11. Nf3 g6 12. O-O Nh5 13. Bg5 h6 14. Bh4 Nf4 15.
Qe3 Nxd3 16. a4 N3e5 17. Nd2 Bg7 18. f4 Ng4 19. Qf3 Ngf6 20. Nc4 Qb8 21. e5
Bxb5 22. axb5 Rxa1 23. Rxa1 dxe5 24. fxe5 O-O 25. exf6 Nxf6 26. b6 Rd8 27. d6
exd6 28. Bxf6 Re8 29. Bxg7 Kxg7 30. Ra7 Rf8 31. Rd7 Qe8 32. Rxd6 Qe1+ 33. Qf1
Qe7 34. Qd1 Re8 35. b3 Qe4 36. Rd7 Re7 37. Rxe7 Qxe7 38. Qa1+ f6 39. Qd1 h5 40.
Kf2 Qe6 41. b7 Qf5+ 42. Qf3 Qc2+ 43. Kg3 Qc1 44. b8=Q Qe1+ 45. Kh3 Qe6+ 46. g4
1-0

[Event "Junior DM"]
[Site "Lyngby"]
[Date "1996.07.09"]
[Round "2"]
[White "Kulaots, Kaido"]
[Black "Kryzius, Kestutis"]
[Result "1-0"]
[WhiteElo "2405"]
[BlackElo "2240"]
[PlyCount "65"]
[EventDate "1996.??.??"]
[EventType "swiss"]
[EventRounds "9"]
[EventCountry "DEN"]

1. e4 e6 2. d4 d5 3. Nc3 Bb4 4. Nge2 dxe4 5. a3 Be7 6. Nxe4 Nd7 7. Nf4 Ngf6 8.
Ng5 Nb6 9. Bd3 h6 10. Nf3 c5 11. c3 cxd4 12. cxd4 Nbd5 13. O-O O-O 14. Ne5 Nxf4
15. Bxf4 Qb6 16. Qd2 Rd8 17. Rad1 Bf8 18. Qe2 Bd7 19. Nc4 Qc6 20. Be5 Be7 21.
Ne3 Rac8 22. Rfe1 Qb6 23. h4 Bc6 24. Ng4 Ne8 25. Nxh6+ gxh6 26. Qh5 Bf8 27. Re3
Rd7 28. Rg3+ Bg7 29. Bxg7 Nxg7 30. Qxh6 f5 31. Qxe6+ Kf8 32. Qh6 Kg8 33. Bxf5
1-0

[Event "Junior DM"]
[Site "Lyngby"]
[Date "1996.07.10"]
[Round "3"]
[White "De Wachter, Matthias"]
[Black "Kludacz, Magdalena"]
[Result "1-0"]
[WhiteElo "2170"]
[BlackElo "2150"]
[PlyCount "78"]
[EventDate "1996.??.??"]
[EventType "swiss"]
[EventRounds "9"]
[EventCountry "DEN"]

1. e4 e6 2. d4 d5 3. e5 c5 4. c3 Nc6 5. Nf3 Qb6 6. a3 c4 7. Nbd2 Na5 8. Be2 Bd7
9. O-O Ne7 10. Re1 Nec6 11. Rb1 Nb3 12. Nxb3 cxb3 13. Be3 Na5 14. Nd2 Rc8 15.
Rc1 Bb5 16. c4 Bxc4 17. Bxc4 Nxc4 18. Nxc4 Rxc4 19. Rxc4 dxc4 20. d5 Bc5 21.
dxe6 fxe6 22. Qg4 O-O 23. Qxc4 Bxe3 24. Rxe3 Rd8 25. g3 Rd1+ 26. Kg2 Rd2 27.
Qc8+ Rd8 28. Qc3 Rd1 29. Rf3 Rd5 30. Qc8+ Rd8 31. Qc4 Rf8 32. Rxf8+ Kxf8 33.
Qb4+ Qxb4 34. axb4 Ke7 35. Kf3 Kd7 36. Ke4 g6 37. f4 h5 38. Kd4 Kc6 39. Ke4 b6
1-0

[Event "Junior DM"]
[Site "Lyngby"]
[Date "1996.07.10"]
[Round "3"]
[White "Hoogendoorn, Joost"]
[Black "Rowson, Jonathan"]
[Result "0-1"]
[WhiteElo "2345"]
[BlackElo "2425"]
[PlyCount "150"]
[EventDate "1996.??.??"]
[EventType "swiss"]
[EventRounds "9"]
[EventCountry "DEN"]

1. e4 c5 2. a3 g6 3. Bc4 Bg7 4. Nc3 e6 5. Nf3 Ne7 6. Ba2 Nbc6 7. d3 d6 8. Be3
Nd4 9. O-O O-O 10. Ne1 h6 11. Qd2 Kh7 12. Nd1 b6 13. c3 Ndc6 14. f4 d5 15. e5
d4 16. Bf2 Nf5 17. Nf3 Ba6 18. c4 Bb7 19. b4 g5 20. bxc5 gxf4 21. Qxf4 Rg8 22.
Bg3 Qc7 23. Re1 Nce7 24. Qg4 Bxe5 25. Bxe5 Rxg4 26. Bxc7 Bxf3 27. g3 bxc5 28.
Nf2 Rg5 29. Ne4 Bxe4 30. Rxe4 Nc8 31. Bf4 Nfd6 32. Re2 Rf5 33. Rb1 Kg7 34. Rbb2
h5 35. h4 Kf6 36. Bg5+ Kg7 37. Bf4 Kf6 38. Bg5+ Kg7 39. Bf4 Kf8 40. Bb1 Ke7 41.
Bc2 Nb6 42. a4 Rg8 43. Kh2 Nd7 44. Re1 e5 45. Bd1 Kf6 46. Bg5+ Rfxg5 47. hxg5+
Rxg5 48. a5 e4 49. dxe4 Ne5 50. a6 Ke6 51. Rb8 Rg7 52. Rh8 Ndxc4 53. Rh6+ Rg6
54. Rxh5 Ke7 55. Rf1 Rxa6 56. Bb3 d3 57. Rxf7+ Nxf7 58. Bxc4 d2 59. Be2 Rh6 60.
Kg2 Rxh5 61. Bxh5 Ng5 62. Kf2 Nxe4+ 63. Ke3 Nxg3 64. Bd1 Kd6 65. Kxd2 c4 66.
Kc3 Kc5 67. Bc2 Ne2+ 68. Kb2 Kb4 69. Bg6 Nf4 70. Bf5 Nd3+ 71. Kc2 a5 72. Be6 a4
73. Bf7 a3 74. Kb1 Kb3 75. Ka1 Nb4 0-1

[Event "Junior DM"]
[Site "Lyngby"]
[Date "1996.07.10"]
[Round "3"]
[White "Johansen, Terje"]
[Black "Johansen, Morten"]
[Result "1/2-1/2"]
[WhiteElo "2375"]
[BlackElo "2220"]
[PlyCount "58"]
[EventDate "1996.??.??"]
[EventType "swiss"]
[EventRounds "9"]
[EventCountry "DEN"]

1. d4 d5 2. c4 e6 3. Nc3 Nf6 4. Bg5 c6 5. cxd5 cxd5 6. e3 a6 7. Nf3 Be7 8. Bd3
h6 9. Bh4 Nbd7 10. O-O O-O 11. Rc1 b5 12. Bb1 Bb7 13. Ne5 Nxe5 14. dxe5 Nd7 15.
Qd3 g6 16. Bxe7 Qxe7 17. f4 b4 18. Na4 Rfc8 19. Qd4 Bc6 20. Nb6 Nxb6 21. Qxb6
Bb5 22. Rfe1 Rab8 23. Qd4 a5 24. Qd2 Qa7 25. Rxc8+ Rxc8 26. Qf2 Qa6 27. Qd2 Qa7
28. Qf2 Qa6 29. Qd2 Qa7 1/2-1/2

[Event "Junior DM"]
[Site "Lyngby"]
[Date "1996.07.10"]
[Round "3"]
[White "Kauko, Jussi"]
[Black "Bircher, Roland"]
[Result "1-0"]
[WhiteElo "2225"]
[BlackElo "2150"]
[PlyCount "132"]
[EventDate "1996.??.??"]
[EventType "swiss"]
[EventRounds "9"]
[EventCountry "DEN"]

1. c4 f5 2. Nc3 Nf6 3. d4 g6 4. Nf3 Bg7 5. g3 O-O 6. Bg2 d6 7. O-O Qe8 8. d5
Na6 9. Rb1 c5 10. b3 Bd7 11. e4 fxe4 12. Ng5 Nc7 13. Ncxe4 Nxe4 14. Nxe4 b5 15.
Bb2 Rb8 16. Bxg7 Kxg7 17. Qd2 Bf5 18. Rbe1 Qd7 19. Re2 bxc4 20. bxc4 Bxe4 21.
Rxe4 Rf7 22. Rfe1 Ne8 23. Re6 Kg8 24. h4 Ng7 25. Bh3 Qd8 26. R6e4 Kh8 27. Kg2
Rb7 28. R1e2 Qf8 29. Qc3 Rf6 30. Bg4 Kg8 31. Qd2 Nf5 32. Bxf5 Rxf5 33. R2e3 Qg7
34. Rb3 Rxb3 35. axb3 Rf7 36. Re2 Qf6 37. Qe3 Qa1 38. h5 Qf6 39. hxg6 hxg6 40.
Ra2 Rh7 41. Rxa7 Kf7 42. Qe4 Rh5 43. Ra2 Re5 44. Qg4 Qh8 45. Re2 Qh5 46. Qf4+
Rf5 47. Qe4 Re5 48. Qf3+ Rf5 49. Qd3 Qh7 50. g4 Rf6 51. Qg3 Kg8 52. Re4 g5 53.
Qe3 Qh4 54. Rxe7 Qxg4+ 55. Qg3 Qf5 56. Qe3 Qg4+ 57. Kf1 Qd1+ 58. Qe1 Qd3+ 59.
Qe2 Qh3+ 60. Kg1 Qf5 61. Kh2 Kf8 62. Re4 Rf7 63. Kg3 Rf6 64. Qe3 Kf7 65. Re7+
Kg6 66. Re6 Kf7 1-0

[Event "Junior DM"]
[Site "Lyngby"]
[Date "1996.07.10"]
[Round "3"]
[White "Kryzius, Kestutis"]
[Black "Keller, Thomas"]
[Result "1-0"]
[WhiteElo "2240"]
[BlackElo "2155"]
[PlyCount "43"]
[EventDate "1996.??.??"]
[EventType "swiss"]
[EventRounds "9"]
[EventCountry "DEN"]

1. e4 c6 2. d4 d5 3. e5 c5 4. c3 Nc6 5. Be2 cxd4 6. cxd4 Qb6 7. Nc3 Qxd4 8.
Nxd5 Qxd1+ 9. Bxd1 Kd7 10. Nf3 e6 11. Nc3 Bb4 12. O-O Nge7 13. Ne4 Ng6 14. Ba4
h6 15. Be3 Kc7 16. Bxc6 bxc6 17. Rfc1 Rd8 18. Rc4 a5 19. Rac1 Ne7 20. a3 Ba6
21. Rd4 Bd3 22. Nd6 1-0

[Event "Junior DM"]
[Site "Lyngby"]
[Date "1996.07.10"]
[Round "3"]
[White "Lyrberg, Patrik"]
[Black "El Kher, Henrik"]
[Result "1-0"]
[WhiteElo "2415"]
[BlackElo "2200"]
[PlyCount "63"]
[EventDate "1996.??.??"]
[EventType "swiss"]
[EventRounds "9"]
[EventCountry "DEN"]

1. d4 d5 2. c4 dxc4 3. Nf3 a6 4. a4 Nf6 5. e3 Bg4 6. Bxc4 e6 7. Nc3 Nc6 8. h3
Bh5 9. Qe2 Bd6 10. g4 Bg6 11. e4 Bb4 12. d5 Nxe4 13. O-O Bxc3 14. dxc6 b5 15.
axb5 Bf6 16. Rd1 Nd6 17. b6 cxb6 18. Bf4 Be7 19. Rxa6 Rxa6 20. Bxa6 O-O 21. Ne5
Qc7 22. Nc4 Rd8 23. Bb7 b5 24. Nxd6 Bxd6 25. Qd2 Bc2 26. Qxd6 Rxd6 27. Bxd6 Qb6
28. Bc5 Qc7 29. Rd7 Qa5 30. Kh2 Be4 31. c7 Bxb7 32. Rd8# 1-0

[Event "Junior DM"]
[Site "Lyngby"]
[Date "1996.07.10"]
[Round "3"]
[White "Macieja, Bartlomiej"]
[Black "Jensen, Bjarke"]
[Result "1-0"]
[WhiteElo "2460"]
[BlackElo "2245"]
[PlyCount "109"]
[EventDate "1996.??.??"]
[EventType "swiss"]
[EventRounds "9"]
[EventCountry "DEN"]

1. e4 c5 2. Nf3 d6 3. d4 cxd4 4. Nxd4 Nf6 5. Nc3 g6 6. Be3 Bg7 7. f3 O-O 8. Qd2
Nc6 9. Bc4 Bd7 10. O-O-O Qa5 11. Bb3 Rfc8 12. g4 Ne5 13. h4 b5 14. h5 Rxc3 15.
Qxc3 Qxc3 16. bxc3 a5 17. hxg6 hxg6 18. a3 Rc8 19. Bd2 Rc5 20. Rhf1 Be8 21. Ne2
Nc4 22. Bxc4 Rxc4 23. Bg5 Kf8 24. Rh1 Ra4 25. Bh6 Rxa3 26. Kb2 Ra4 27. Bxg7+
Kxg7 28. Rd4 Nd7 29. Rxa4 bxa4 30. g5 Ne5 31. Nd4 Nc4+ 32. Ka2 e5 33. Ne2 Nd2
34. Rd1 Nxf3 35. Rxd6 Nxg5 36. Ng3 Bb5 37. Ka3 f6 38. Rb6 Be8 39. c4 Kf7 40. c5
Ke7 41. c6 Ne6 42. c4 Nc7 43. c5 Ke6 44. Kxa4 f5 45. Kxa5 f4 46. Nf1 g5 47. Nh2
Bg6 48. Rb7 Ne8 49. c7 Nxc7 50. Rxc7 Bxe4 51. Kb6 Bf5 52. Rc6+ Kd5 53. Rf6 Bc8
54. Rg6 g4 55. Nxg4 1-0

[Event "Junior DM"]
[Site "Lyngby"]
[Date "1996.07.10"]
[Round "3"]
[White "Pedersen, Nicolai Vesterbaek"]
[Black "Cole, Roland"]
[Result "0-1"]
[WhiteElo "2290"]
[BlackElo "2215"]
[PlyCount "86"]
[EventDate "1996.??.??"]
[EventType "swiss"]
[EventRounds "9"]
[EventCountry "DEN"]

1. e4 c5 2. c3 d5 3. exd5 Qxd5 4. d4 Nf6 5. Nf3 Nc6 6. dxc5 Qxd1+ 7. Kxd1 e6 8.
Be3 Ng4 9. b4 a5 10. Bb5 Bd7 11. Nd4 Nxe3+ 12. fxe3 axb4 13. Bxc6 Bxc6 14. cxb4
Rd8 15. Kc1 Bxg2 16. Rg1 Bd5 17. Nc3 g6 18. a4 Bh6 19. Re1 Bc4 20. Ndb5 Bxb5
21. Nxb5 Ke7 22. Kc2 f5 23. a5 f4 24. exf4 Bxf4 25. Re2 Rd5 26. a6 bxa6 27.
Rxa6 Re5 28. Rxe5 Bxe5 29. h3 h5 30. Na7 g5 31. b5 g4 32. hxg4 hxg4 33. Nc6+
Kf6 34. b6 g3 35. Nxe5 Kxe5 36. Ra3 g2 37. Rg3 Rh2 38. Kc3 Rh3 39. Rxh3 g1=Q
40. Kc4 Qg4+ 41. Kb5 Qxh3 42. c6 Qd3+ 43. Ka5 Qd5+ 0-1

[Event "Junior DM"]
[Site "Lyngby"]
[Date "1996.07.10"]
[Round "3"]
[White "Schneider, Stefan"]
[Black "Bekker Jensen, Simon"]
[Result "1/2-1/2"]
[WhiteElo "2255"]
[BlackElo "2200"]
[PlyCount "120"]
[EventDate "1996.??.??"]
[EventType "swiss"]
[EventRounds "9"]
[EventCountry "DEN"]

1. b3 Nf6 2. Bb2 g6 3. e4 d6 4. Nf3 Bg7 5. d3 O-O 6. Be2 c5 7. O-O Nc6 8. Nbd2
d5 9. a4 d4 10. Nc4 Ne8 11. Bc1 e5 12. Bg5 Qc7 13. Bh4 f6 14. Nfd2 Be6 15. Bg4
Bf7 16. Bh3 h5 17. f3 b6 18. Bf2 Rb8 19. g4 Qd7 20. Bg2 hxg4 21. fxg4 Be6 22.
Bf3 a6 23. Kh1 b5 24. axb5 axb5 25. Na5 Nb4 26. Be2 Qc7 27. Qc1 Ra8 28. c3 Rxa5
29. cxb4 Rxa1 30. Qxa1 cxb4 31. Rc1 Qb6 32. Rc2 Nd6 33. Be1 Rc8 34. Rxc8+ Nxc8
35. Qc1 Bf8 36. Nb1 Qc5 37. Qb2 Kg7 38. Kg1 Nb6 39. Bd1 Kh7 40. Bd2 Bh6 41.
Bxh6 Kxh6 42. Kg2 Kg7 43. Kg3 Bf7 44. Qd2 Nd7 45. h4 Qf8 46. g5 fxg5 47. Qxg5
Qd6 48. Nd2 Qf6 49. Nf3 Qxg5+ 50. hxg5 Kf8 51. Kf2 Ke7 52. Ke2 Kd6 53. Bc2 Nc5
54. Nd2 Ne6 55. Nf3 Nf4+ 56. Kf2 Be6 57. Kg3 Ne2+ 58. Kf2 Nc3 59. Nh4 Bf7 60.
Ke1 Ke6 1/2-1/2